Hindu Law (Record no. 9603)
[ view plain ]
| 000 -LEADER | |
|---|---|
| fixed length control field | 00425nam a22001817a 4500 |
| 005 - DATE AND TIME OF LATEST TRANSACTION | |
| control field | 20260406123113.0 |
| 008 - FIXED-LENGTH DATA ELEMENTS--GENERAL INFORMATION | |
| fixed length control field | 260406b |||||||| |||| 00| 0 eng d |
| 020 ## - INTERNATIONAL STANDARD BOOK NUMBER | |
| International Standard Book Number | 9789384852375 |
| 041 ## - LANGUAGE CODE | |
| Language | English |
| 082 ## - DEWEY DECIMAL CLASSIFICATION NUMBER | |
| Classification number | 340.5254 AGA |
| 100 ## - MAIN ENTRY--PERSONAL NAME | |
| Main Author Name | Agarwal, R. K |
| 245 ## - TITLE STATEMENT | |
| Title | Hindu Law |
| 250 ## - EDITION STATEMENT | |
| Edition | 21st |
| 260 ## - PUBLICATION, DISTRIBUTION, ETC. | |
| Place of publication | Allahabad: |
| publisher Name | Central Law Agency, |
| Date of publication | 2018. |
| 300 ## - PHYSICAL DESCRIPTION | |
| Number Of Page | 472 p. |
| 650 ## - SUBJECT ADDED ENTRY--TOPICAL TERM | |
| Keyword | Hindu Law |
| 942 ## - ADDED ENTRY ELEMENTS (KOHA) | |
| Koha item type | Donated Book |
| Lost status | Source of classification or shelving scheme | Not for loan | Home library | Current library | Date last seen | Koha item type | School | Total Checkouts | Full call number | Barcode | Copy number | Price effective from | Withdrawn status | Date acquired | Source of acquisition | Cost, normal purchase price |
|---|---|---|---|---|---|---|---|---|---|---|---|---|---|---|---|---|
| Dewey Decimal Classification | BSOL | BSOL | 06/04/2026 | Donated Book | School of Law | 340.5254 AGA | G751 | 1 | 06/04/2026 | 06/04/2026 | prithivi Raj | 400.00 |

2cqr automation private limited, Chennai. All Rights Reserved.